La sorcière

Gardado en:
Detalles Bibliográficos
Autor Principal: Michelet, Jules (autor)
Formato: Libro
Idioma:francés
Publicado: París Garnier-Flammarion 1966
Subjects:
Tags: Engadir etiqueta
Sen Etiquetas, Sexa o primeiro en etiquetar este rexistro!

MARC

LEADER 00000nam a2200000 a 4500
001 UCO4763
003 CL-VaPUC
008 000811e19660000FR |||||||||||||||||fre|d
082 0 4 |a 133.43  |b MIC  |2 21 
100 |a Michelet, Jules  |e autor  |9 449390 
245 1 3 |a La sorcière 
300 |a 314 p 
942 |c BK 
945 |d 20000811 00:00:00  |a crobeson 
260 |a París  |b Garnier-Flammarion  |c 1966 
650 0 |a Brujería   |9 335555 
650 0 |a Brujas  |9 356977 
650 0 |a Demonología  |9 314401 
650 7 |a SATANISMO  |2 CL-VaPUC  |9 397991 
583 |a last modification  |c 20000811 00:00:00  |k Rodrigo Vera 
999 |c 290759  |d 290757 
952 |0 0  |1 0  |4 0  |6 133_430000000000000_MIC_1966  |7 0  |8 A  |9 340328  |a BIBART  |b BIBART  |d 2019-11-20  |i 1215566  |o 133.43 MIC 1966  |p 1215566  |r 2025-03-13  |w 2019-11-20  |y BK  |k ART